00309nam a2200121Ia 4500008004100000020001500041041001200056100001700068245004200085260003700127300000800164650001500172221030s9999 xx 000 0 und d a9351425991 aEnglish aI. M. Pandey 0aFinancial Managementcby I. M. Pandey bVikas Pub HouseaNew Delhic2014 a787 aManagement